Normal view
MARC view
- Artists’ materials
Entry Topical Term
001 - CONTROL NUMBER
- control field: 37932
003 - CONTROL NUMBER IDENTIFIER
- control field: OSt
005 - DATE AND TIME OF LATEST TRANSACTION
- control field: 20150511152122.0
008 - FIXED-LENGTH DATA ELEMENTS
- fixed length control field: 150511|| aca||babn | a|a d
040 ## - CATALOGING SOURCE
- Original cataloging agency: OSt
150 ## - HEADING--TOPICAL TERM
- Topical term or geographic name as entry element: Artists’ materials
450 ## - SEE FROM TRACING--TOPICAL TERM
- Topical term or geographic name entry element: Art
- General subdivision: Equipment and supplies
450 ## - SEE FROM TRACING--TOPICAL TERM
- Topical term or geographic name entry element: Art material
450 ## - SEE FROM TRACING--TOPICAL TERM
- Topical term or geographic name entry element: Art materials
450 ## - SEE FROM TRACING--TOPICAL TERM
- Topical term or geographic name entry element: Art supplies
450 ## - SEE FROM TRACING--TOPICAL TERM
- Topical term or geographic name entry element: Painters’ materials